[Event "IECC M email"]
[Site "IECC email"]
[Date "2001.11.01"]
[Round "?"]
[White "Cantale, Martyn"]
[Black "Norvell, Bryant"]
[Result "1-0"]
[WhiteElo "1000"]
[BlackElo "1029"]
[PlyCount "41"]
[EventDate "2001.??.??"]
[EventType "tourn (corr)"]
[EventRounds "6"]
[SourceTitle "Corr 2008"]
[Source "ChessBase"]
[SourceDate "2008.06.24"]
[SourceVersion "1"]
[SourceVersionDate "2008.06.24"]
[SourceQuality "1"]

1. e4 e5 2. Nf3 Nc6 3. d4 exd4 4. Nxd4 Nxd4 5. Qxd4 c5 6. Qe5+ Qe7 7. Bf4 Qxe5 8. Bxe5 d6 9. Bf4 Nf6 10. Nc3 a6 11. 0-0-0 Kd7 12. Bc4 Ng4 13. Rd2 f6 14. Nd5 Kc6 15. Rhd1 Ne5 16. Ne3 Nxc4 17. Nxc4 Be6 18. Rxd6+ Bxd6 19. Rxd6+ Kb5 20. a4+ Kxc4 21. Bd2 1-0